Datum a čas kvízu
31
Celkem bodů
Celkový počet nahraných bodů na tomto kvízu bez doplňovacích otázek.
4.
Pořadí na kvízu
Konečné umístění týmu na tomto kvízu.
Zaznamenané odpovědi
| # | Otázka | Odpověď | Body | Výsledky |
|---|---|---|---|---|
| 1. | Jisté středočeské město předst... | 1 | ||
| 2. | Chorvatsko a Slovinsko se už n... | 1 | ||
| 3. | Pirátská strana využila ve své... | 0 | ||
| 4. | Končící britská velvyslankyně... | 0 | ||
| 5. | Útočník San Jose Sharks Joe Th... | 1 | ||
| 6. | Současný prezident Miloš Zeman... | 1 | ||
| 7. | Profesor Jiří Drahoš je svým v... | 1 | ||
| 8. | Ženskou kandidátku v těchto vo... | 1 | ||
| 9. | Se kterým kandidátem je spojen... | 1 | ||
| 10. | Jedním ze smyšlených kandidátů... | 0 |